Statistics for Natural and Artificial Sweeteners (Food and Nutrition)

Click here to take the quiz!

General Stats

  • This quiz has been taken 80 times
  • The average score is 7 of 14

Answer Stats

Chemical FormulaHintSweetener% Correct
CnH2nOnGeneric name for sweet-tasting, soluble carbohydratessugar
83%
C6H12O6A simple sugar, the most abundant monosaccharideglucose
79%
C6H12O6A ketonic simple sugar found in many plantsfructose
70%
C12H22O11Disaccharide composed of glucose and fructosesucrose
61%
Natural sweetener from plant leaves, 30-150 times sweeter than sugarstevia
56%
C14H18N2O5Typically found in blue paper packets, like Equalaspartame
55%
Common sweetener made from corn starch (often used in soda){high} {fructose} {corn} {syrup}
44%
Sweet, viscous food substance made by the genus Apishoney
44%
Orange-brown confectionery product made by heating a range of sugarscaramel
41%
C12H19Cl3O8Typically found in yellow paper packets, like Splendasucralose
35%
C7H5NO3STypically found in pink paper packets, like Sweet 'n Lowsaccharin
29%
C5H12O5Sugar alcohol used in confections, toothpaste, and chewing gumxylitol
24%
Extract of Siraitia grosvenorii, used as a natural sweetener{monk}fruit
23%
C4H10O4Sugar alcohol used in sweeteners like Swerveerythritol
17%

Score Distribution

Percentile by Number Answered

Percent of People with Each Score

Your Score History

You have not taken this quiz